000
00342nam a22001457a 4500
008
210303b ||||| |||| 00| 0 eng d
020
_a
9781256671411
041
_a
eng
080
_a
621
082
_a
621
100
_a
26
101
_a
MEK
245
_a
Entering Design & Graphics with Autodesk Inventor
_c
Bethune, J. D
942
_2
udc
_c
BK
999
_c
55595
_d
55595